Financial Account and Reporting (Record no. 6249)

MARC details
005 - DATE AND TIME OF LATEST TRANSACTION
control field 20250629100740.0
020 ## - INTERNATIONAL STANDARD BOOK NUMBER
International Standard Book Number 978-1-292-16240-9
082 ## - DEWEY DECIMAL CLASSIFICATION NUMBER
Classification number 657 ELL
100 ## - MAIN ENTRY--PERSONAL NAME
Author name ELLIOTT,B.
245 ## - TITLE STATEMENT
Title Financial Account and Reporting
250 ## - EDITION STATEMENT
Edition statement 18th Ed.
260 ## - PUBLICATION, DISTRIBUTION, ETC.
Place of publication, distribution, etc. Edinburgh Gate,
Name of publisher, distributor, etc. Pearson Education Limited,
Date of publication, distribution, etc. 2017.
300 ## - PHYSICAL DESCRIPTION
Extent xxvii,873p.:ill.;figures, tables
Other physical details Bibliography and Index
Dimensions 25cm
700 ## - ADDED ENTRY--PERSONAL NAME
Other authors/Editors Elliot,Jamie
942 ## - ADDED ENTRY ELEMENTS (KOHA)
Source of classification or shelving scheme Dewey Decimal Classification
Koha item type Books
Holdings
Date last seen Total checkouts Full call number Barcode Cost, replacement price Price effective from Koha item type Lost status Source of classification or shelving scheme Damaged status Not for loan Withdrawn status Home library Current library Shelving location Date acquired Source of acquisition Cost, normal purchase price
06/29/2025   657 ELL MZA0002882 90000.00 06/29/2025 Books   Dewey Decimal Classification       CBE Mwanza CBE Mwanza Special Reserve Collection 06/29/2025 Library Budget 30000.00